Länder, die einen Buchstaben enthalten - D - Statistiken

Allgemein
  • Dieses Quiz wurde 1.401 mal gespielt
  • Das Durchschnittsergebnis liegt bei 38 aus 55
Antwortstatistiken
Hinweis Land % Korrekt
2 x D Deutschland
98%
1 x D Dänemark
92%
1 x D Dominikanische Republik
86%
1 x D Russland
86%
1 x D Finnland
85%
1 x D Dschibuti
84%
1 x D Estland
82%
1 x D Irland
82%
1 x D Island
82%
1 x D Südafrika
82%
1 x D Lettland
81%
2 x D Niederlande
81%
1 x D Griechenland
80%
1 x D Indien
80%
1 x D Indonesien
80%
1 x D Sudan
79%
2 x D Südsudan
79%
1 x D Kanada
78%
1 x D Neuseeland
78%
1 x D Südkorea
78%
1 x D Dominica
77%
1 x D Demokratische Republik Kongo
75%
1 x D Andorra
74%
1 x D Schweden
74%
1 x D Nordkorea
72%
1 x D Saudi-Arabien
72%
2 x D Nordmazedonien
69%
1 x D Tadschikistan
69%
1 x D Aserbaidschan
68%
1 x D Honduras
68%
1 x D Thailand
68%
1 x D Madagaskar
67%
1 x D Jordanien
66%
1 x D Bangladesch
65%
1 x D Fidschi
65%
3 x D Trinidad und Tobago
65%
1 x D Kambodscha
64%
1 x D Tschad
64%
1 x D Uganda
62%
1 x D Barbados
60%
1 x D Ecuador
60%
1 x D Ruanda
60%
1 x D Moldawien
59%
3 x D St. Vincent und die Grenadinen
59%
2 x D Antigua und Barbuda
58%
1 x D Grenada
58%
1 x D Malediven
57%
1 x D Burundi
56%
1 x D El Salvador
55%
1 x D Kap Verde
49%
1 x D Föderierte Staaten von Mikronesien
47%
1 x D Vatikanstadt
46%
1 x D St. Kitts und Nevis
45%
1 x D Bosnien und Herzegowina
41%
1 x D São Tomé und Príncipe
38%
Keine übereinstimmenden Quizze gefunden
Verteilung der Resultate
Anzahl Personen mit jedem Resultat
Perzentil nach korrekt beantworteten Fragen
Ihre Resultats-Entwicklung
Sie haben dieses Quiz noch nicht gespielt